Fairy Tail tous les Personnages par Images - Statistiques

Statistiques générales
  • Ce quiz a été pris 368 fois
    162 depuis la dernière actualisation
  • Le résultat moyen est 91 sur 425
Statistiques - réponses
Par images Réponse % Correct
Natsu Dragnir
100%
Grey Fullbuster / Gray
99%
Erza Scarlett
98%
Happy
98%
Lucy Heartfilia
98%
Gajil Redfox / Gajeel
95%
Luxus Draer / Laxus
95%
Jubia Lokser / Juvia
92%
Wendy Marvel
92%
Makarof Draer / Makarov
90%
Carla
89%
Lisana Strauss / Lisanna
89%
Mirajane Strauss
89%
Kanna Alperona / Cana
87%
Elfman Strauss
84%
Panther Lily
82%
Gildarts Clive
78%
Reby MacGarden / Levy
77%
Mavis Vermillion
75%
Jellal Fernandez / Gerald
74%
Leon Bastia / Lyon (Empereur Zéro)
70%
Lucy Ashley [Edolas]
69%
Ever Green / Evergreen
68%
Jubia [Edolas]
68%
Natsu Draguion [Edolas]
68%
Fried Justin
67%
Grey Soluge [Edolas]
66%
Roméo Combolto
66%
Aquarius
65%
Erick (Cobra)
65%
Kanna [Edolas]
65%
Ultia Milkovich / Ultear
65%
Wendy [Edolas]
65%
Léo (Loki / Loke)
64%
Lisana [Edolas]
64%
Macao Combolto
64%
Biska Connel / Bisca
63%
Gémini (Gemi et Mini)
63%
Mirajane [Edolas]
63%
Rog Chenny / Rogue
63%
Taurus
63%
Cancer
62%
Scorpio
62%
Sting Youclif
62%
Elfman [Edolas]
61%
Oul Milkovich / Ur
61%
Reby [Edolas]
61%
Ignir / Igneel
60%
Jett / Jet
60%
Sagittarius
60%
Zeleph Dragnir / Zeref (Empereur Spriggan)
59%
Mistgun / Mystogan
58%
Virgo
58%
Acnologia
57%
Cherry Brendy / Sherry
57%
Caprico / Capricorn
56%
Droy
56%
Lucy du Futur
56%
Reby du Futur
56%
Minerva Orlando
55%
Aries
54%
Bixrow / Bickslow
54%
Erza Knightwalker [Edolas]
53%
Arzak Connel / Alzack
51%
Wakaba Mine
51%
Biska [Edolas]
49%
Frosh / Frosch
49%
Rog du Futur
49%
Sorano Agria (Angel)
49%
Gajil [Edolas]
48%
Cherrya Brendy / Sherria
47%
Mest Glider (Dranbalt)
47%
Simon Mikazuchi
47%
Warren Rackow / Volen
47%
Jura Nekis / Jera
46%
Libra
46%
Max Alose
46%
Nikola (Plue)
46%
Miliana / Millianna
45%
Pisces
44%
Déliora
43%
Grandiné / Grandeeney
43%
Ichiya Vandalei Kotobuki
43%
Lecter / Lector
43%
Macbeth (Midnight / Brain II)
42%
Metalicana
42%
Brandish Myuh
41%
Kagura Mikazuchi
41%
Asuka Connel / Aska
40%
Macao [Edolas]
40%
Yukino Agria
40%
Yûri Draer
39%
Droy [Edolas]
38%
Eileen Belserion / Irene
38%
Jade E. Fiore / Hisui
38%
Polyussica / Porlyusica
38%
Horologium
37%
Arzak [Edolas]
36%
Hades
36%
Lucky Olietta / Laki
35%
Max [Edolas]
34%
Meldy / Meredy
34%
Nab Lasaro
34%
Precht Gaebolg
34%
August
33%
Kinana
33%
Layla Heartfilia
33%
Wakaba [Edolas]
33%
Zero
33%
Brain
32%
Jett [Edolas]
32%
Bob
31%
Roi des Esprits
31%
Atlas Flame
30%
Bacchus Glow
30%
Flare Corona / Frea
30%
José Pora
30%
Silver Fullbuster
30%
Eligoal / Erigor (Grim Reaper)
29%
Hibiki Leithis
29%
Jycrain / Siegrain
29%
Ren Akatsuki
29%
God Serena
28%
Karen Lilica
28%
Warren [Edolas]
28%
Crux / Kross
27%
Ivan Draer
27%
Readers Johnner / Reedus
27%
Rob
27%
Visitor Echo / Vegeta / Vijeeter
27%
Lyra
26%
Rufus Roy
26%
Dimaria Iesta
25%
Ignia Enjin
25%
Jude Heartfilia
25%
Rita Draer
25%
Sol
25%
Koko / Coco
24%
Zera
24%
Jenny Rearlight
23%
Koko [Earthland]
23%
Nab [Edolas]
23%
Nichiya
23%
Anna Heartfilia
22%
Azuma
22%
Eave Tilm / Eve
22%
Sawyer (Racer)
22%
Richard Buchanan (Hot-eye)
21%
Shaw / Shô
21%
Toby Ololta
21%
Totomaru
21%
Jackal
20%
Lullaby
20%
Alya / Aria
19%
Bluenote Stinger
19%
Bora de Prominens
19%
Orga Nanagia
19%
Rahkeid Dragnir / Larcade
19%
Ajil Lamur / Ajeel
18%
Balkan / Vulcan
18%
Inbel Yura / Invel
18%
Readers [Edolas]
18%
Warrod Sequen / Worlod
18%
Wolly Buchanan / Wally
18%
Kyôka
16%
Owl / Fukuro
16%
Touka
16%
Yûka Suzuki
16%
Jacob Lessio
15%
Mard Geer / Mald Gheel
15%
Pyxis
15%
Zankuro / Zancrow
15%
Cubelios / Cubellios
14%
Ohba Baba / Ooba Babasaama
14%
Serenne Gesshin / Selene
14%
Bloodman
13%
Ikaruga
13%
Jason
13%
Kageyama
13%
Samuel
13%
Sugar Boy [Earthland]
13%
Sugar Boy / Sugarboy
13%
Weisslogia / Baislogia
13%
Ebar / Everlue
12%
Jienma Orlando / Jiemma
12%
Jubina / Juvina
12%
Ninehart / Neinhart
12%
Rustyrose
12%
Seila / Seilah
12%
Shitou Yajima
12%
Toma E. Fiore
12%
Angelica
11%
Beth Vanderhood
11%
Hughes
11%
Mary Hughes [Earthland]
11%
Nasha
11%
Tempester
11%
Zilkonis / Jilkonis
11%
Asuka [Edolas]
10%
Bobo
10%
Chagot / Shagotte
10%
Chronos
10%
Dan Straight
10%
Imitatia
10%
Michelle Lobster
10%
Zekua Melon (Kemu Zaleon)
10%
Alexei
9%
Belserion
9%
Cosmos
9%
Gatow / Gatô
9%
Jackpot
9%
Kaby Melon
9%
Kain Hikaru
9%
Keith / Keyes
9%
Lahar / Rahal
9%
Lapointe
9%
Merkphobia Suijin / Mercphobia
9%
Nico
9%
Ohbra / Obra
9%
Ophiuchus
9%
Rayure / Rayule
9%
Skiadrum / Skiadram
9%
Zoldio / Zoldeo
9%
Arcadios
8%
Bayro / Byro
8%
Caelum
8%
Daphné
8%
Faris
8%
Golmine / Goldmine
8%
Jäger
8%
Jumeau / Twin
8%
Jumeau / Twin
8%
Kawazu
8%
Lamy
8%
Lulu
8%
Propriétaire
8%
Rocker
8%
Vidaldus Taka
8%
Wahl Icht / Wall
8%
Zatow / Zatô
8%
Alanya Web / Araña
7%
Aldron Mokushin / Aldoron
7%
Archevêque
7%
Briar / Braiya
7%
Byro Cracy [Earthland]
7%
Chica C.Hermit / Chico
7%
Faust
7%
Greju
7%
Karim / Kareem
7%
Lucky
7%
Michelo / Michello
7%
Mother Grea / Motherglare
7%
Poulet / Chicken
7%
Risley Law
7%
Warcry
7%
Abel
6%
Deneb
6%
Draculos Hyberion
6%
Drake
6%
Ezel / Ezer
6%
Franmalth / Franmars
6%
Jerome
6%
Juliet Sun
6%
Kemokemo
6%
Klodoa / Kurodoa
6%
Mâr / Marl
6%
Mary
6%
Nady / Nadi
6%
Nalpuding / Nullpudding
6%
Org / Ork
6%
Polaris
6%
Scissor Runner
6%
Semus / Semmes
6%
Yajil / Yajeel
6%
Yomazu
6%
D-6
5%
Diseur de Bonne Fortune / Fortune Teller
5%
Dobengal
5%
Enno Combolto
5%
Gang des Fesses Dodues
5%
Gang des Fesses Dodues
5%
Gang des Fesses Dodues
5%
Gang des Poitrines Dodues
5%
Gômon
5%
Gran Doma
5%
Joy Fullbone / Joey
5%
Kiria
5%
Krof / Krov
5%
Kurohebi
5%
Marin Hollow
5%
Sardean / Uosuke
5%
Sue
5%
Suzaku
5%
Vanish Brothers
5%
Vanish Brothers
5%
Wan Chan-Ji
5%
Wolfheim
5%
Yûri
5%
Aldron Godseed / Aldoron Godseed
4%
Banaboster
4%
Belno
4%
Billard / Byard
4%
Chapati Lola
4%
Crowford Sheem / Crawford
4%
Datong / Derton
4%
Fingers
4%
Gatman Kubrick / Guttman
4%
Gobelin / Snarl
4%
Heine Lunasea
4%
Kamika
4%
Kanaloa
4%
Karakka / Karacka
4%
Katja
4%
Moka
4%
Nobarly / Novali
4%
Reis / Wraith
4%
Spet / Spetto
4%
Sword
4%
Thibo / Thibault
4%
Torafuzar / Trafzer
4%
Zalty
4%
Aceto
3%
Alok / Arlock
3%
Alta Face
3%
Balsamico
3%
Bappy
3%
Doriate / Drierte
3%
Elefseria
3%
Erkis / Elkis
3%
Grammy / Grammi
3%
Hammer
3%
Hiroshi
3%
Jean-Luc Neville
3%
Kama
3%
Lowbawl / Roubaul
3%
Mato
3%
M. Dragnir
3%
Micky Chickentiger
3%
Mikuni Shin
3%
Mio
3%
Mme Dragnir
3%
Nakku
3%
Nepper / Neppa
3%
Nigee / Niggy
3%
Orochi Head
3%
Rabian
3%
Rala / Lala
3%
Reiji / Leiji
3%
Rivaia / Levia
3%
Skullion Raider
3%
Sniper
3%
Tono Rabbits
3%
Wendil / Wendelle
3%
Yakudriga / Yakdoriga
3%
Anchor
2%
Bakr / Bakel
2%
Bandou / Pandô
2%
Bellétocat / Belletokia
2%
Bozo / Boze
2%
Clap
2%
Earth Build
2%
Ed / Aed
2%
Fabrizio
2%
Georg Risen
2%
Ginger Mattan
2%
Grande Prêtresse Blanche
2%
Gren
2%
Lusha
2%
Madmall / Madmole
2%
Millgana Mine
2%
Mimi
2%
Mugant / Muganto
2%
Nadar / Nadal
2%
Oiseau Cyclope / Mono Eye
2%
Perot / Bero
2%
Proton Acnologia
2%
Ribon / Ribbon
2%
Rung
2%
Serena
2%
Sunny
2%
Velveno
2%
Aegis / Eizi
1%
Alios / Arius
1%
Berick / Berrick
1%
Biby
1%
Bill
1%
Carlotti / Charlotte
1%
Cloupsy / Kurubushi
1%
De Cybele
1%
Elbiman / Elbman
1%
Gajel / Gazeel
1%
Ga Maille
1%
Gears
1%
Geoffrey
1%
Gogotora
1%
Ikusatsunagi
1%
Kara / Cara
1%
Karamiila / Karameel
1%
Kashima
1%
Kriserk / Chrisack
1%
Mako
1%
Martum / Martam
1%
Metro
1%
Mezyl / Mejeer
1%
Michelia
1%
Miko
1%
Minajane
1%
Monmo
1%
Mysderoy / Mysdroy
1%
Nebaru
1%
Risaala / Lisala
1%
Rokki / Rocky
1%
Sameko / Sharkette
1%
Samemi / Sharkina
1%
Sarval / Salberay
1%
Yôko
1%
Zeeself / Jiself
1%
Doom
0%
Hakune
0%
Luxris / Laxlis
0%
Rizy / Lijy
0%
Robert
0%
Samagui
0%
San Jiao Shin
0%
Wolfen
0%
Aucun quiz correspondant
Distribution des résultats
% des personnes avec chaque résultat
Percentile par nombre de réponses
Votre historique - résultats
Vous n’avez pas pris ce quiz depuis la dernière actualisation